| 000 | 00763cam a22002411 4500 | ||
|---|---|---|---|
| 001 | ne 63000045 | ||
| 003 | DLC | ||
| 005 | 20260227111739.0 | ||
| 008 | 891024s1961 ua 000 0 ararc | ||
| 010 | _ane 63000045 | ||
| 025 | _aPL480:UAR-540 | ||
| 035 | _a(OCoLC)20541428 | ||
| 040 |
_aPrinceton Univ. Libr. for LC _cWaU _dWaU _dDLC |
||
| 042 | _apremarc | ||
| 043 | _af-ua--- | ||
| 050 | 0 | 0 |
_aDT46 _b.B35 |
| 100 | 1 |
_aBarakāt, Muḥammad Bahī al-Dīn, _d1888- |
|
| 245 | 1 | 0 |
_aṢafaḥāt min al-tārīkh _c[taʼlīf] Muḥammad Bahī al-Dīn Barakāt. |
| 260 |
_a[al-Qāhirah] _bDār al-Hilāl, _c1961. |
||
| 300 |
_a191 p. _c23 cm. |
||
| 505 | 0 | _aFī al-ijtimāʻ wa-al-iqtiṣād. Fī al-tarbiyah wa-al-taʻlīm. Fī al-siyāsah. | |
| 651 | 0 | _aEgypt. | |
| 999 |
_c45409 _d45409 |
||